Подробности
| 000 -МАРКЕР |
| контрольное поле |
02365nam0a2200385 4500 |
| 001 - ИДЕНТИФИКАТОР ЗАПИСИ |
| контрольное поле |
RU\NLR\bibl\42312 |
| 005 - ИДЕНТИФИКАТОР ВЕРСИИ |
| контрольное поле |
20260406205339.0 |
| 010 ## - МЕЖДУНАРОДНЫЙ СТАНДАРТНЫЙ НОМЕР КНИГИ (ISBN) |
| Номер (ISBN) |
5-86911-225-7 |
| Тираж |
150 |
| 021 ## - НОМЕР ГОСУДАРСТВЕННОЙ РЕГИСТРАЦИИ |
| Код страны |
Российская Федерация |
| Номер |
99-21132 |
| Номер Листа государственной регистраци |
1030 |
| 035 ## - ДРУГИЕ СИСТЕМНЫЕ НОМЕРА |
| Идентификатор записи |
(NLR Aleph) 000041239 |
| 100 ## - ДАННЫЕ ОБЩЕЙ ОБРАБОТКИ |
| Данные общей обработки |
19990809d1999 |||y0rusy50 ca |
| 101 0# - ЯЗЫК РЕСУРСА |
| Язык текста, звукозаписи и т.д. |
русский |
| 102 ## - СТРАНА ПУБЛИКАЦИИ ИЛИ ПРОИЗВОДСТВА |
| Страна публикации |
Российская Федерация |
| 105 ## - ПОЛЕ КОДИРОВАННЫХ ДАННЫХ: ТЕКСТОВЫЕ МАТЕРИАЛЫ, МОНОГРАФИЧЕСКИЕ |
| Кодированные данные о монографическом текстовом документе |
y ||||||||| |
| 200 1# - ЗАГЛАВИЕ И СВЕДЕНИЯ ОБ ОТВЕТСТВЕННОСТИ |
| Основное заглавие |
Научно-технический и научно-образовательный комплексы региона: проблемы и перспективы развития |
| Сведения, относящиеся к заглавию |
Материалы науч.-практ. конф., [19-20 нояб. 1998 г.] |
| Первые сведения об ответственности |
[Редкол.: ... Ширяев Л.А. (науч. ред.)] |
| 210 ## - ПУБЛИКАЦИЯ, РАСПРОСТРАНЕНИЕ И ДР. |
| Место издания, распространения и т.д. |
Уфа |
| Имя издателя, распространителя и т. д. |
Уфим. гос. авиац. техн. ун-т |
| Дата издания, распространения и т.д. |
1999 |
| 215 ## - ФИЗИЧЕСКАЯ ХАРАКТЕРИСТИКА |
| Специфическое обозначение материала и объем |
255 с. |
| Размеры |
20 |
| 300 ## - ОБЩИЕ ПРИМЕЧАНИЯ |
| Текст примечания |
В надзаг.: Гос. ком. Респ. Башкортостан по науке, высш. и сред. проф. образованию, Акад. наук Респ. Башкортостан, Уфим. гос. авиац. техн. ун-т |
| 606 1# - НАИМЕНОВАНИЕ ТЕМЫ КАК ПРЕДМЕТ |
| Наименование темы |
Образование |
| Формальный подзаголовок |
Сборники |
| Географический подзаголовок |
Башкортостан, Республика |
| Системный номер авторитетной/нормативной записи |
2302221 |
| Идентификатор авторитетной/нормативной записи |
RU\NLR\AUTH\661378276 |
| 606 0# - НАИМЕНОВАНИЕ ТЕМЫ КАК ПРЕДМЕТ |
| Наименование темы |
Народное образование |
| Формальный подзаголовок |
Сборники |
| Географический подзаголовок |
Башкортостан, Республика |
| Системный номер авторитетной/нормативной записи |
2082253 |
| Идентификатор авторитетной/нормативной записи |
RU\NLR\auth\661258272 |
| 606 0# - НАИМЕНОВАНИЕ ТЕМЫ КАК ПРЕДМЕТ |
| Наименование темы |
Народное образование |
| Формальный подзаголовок |
Съезды, совещания и т.п. |
| Географический подзаголовок |
Башкортостан, Республика |
| Системный номер авторитетной/нормативной записи |
2082253 |
| Идентификатор авторитетной/нормативной записи |
RU\NLR\auth\661258272 |
| 606 0# - НАИМЕНОВАНИЕ ТЕМЫ КАК ПРЕДМЕТ |
| Наименование темы |
Наука |
| Формальный подзаголовок |
Сборники |
| Географический подзаголовок |
Башкортостан, Республика |
| Системный номер авторитетной/нормативной записи |
2102840 |
| Идентификатор авторитетной/нормативной записи |
RU\NLR\auth\661271588 |
| 606 0# - НАИМЕНОВАНИЕ ТЕМЫ КАК ПРЕДМЕТ |
| Наименование темы |
Наука |
| Формальный подзаголовок |
Съезды, совещания и т.п. |
| Географический подзаголовок |
Башкортостан, Республика |
| Системный номер авторитетной/нормативной записи |
2102840 |
| Идентификатор авторитетной/нормативной записи |
RU\NLR\auth\661271588 |
| 686 1# - ИНДЕКСЫ ДРУГИХ КЛАССИФИКАЦИЙ |
| Индекс |
Ч34(2Р-6Баш) |
| 686 1# - ИНДЕКСЫ ДРУГИХ КЛАССИФИКАЦИЙ |
| Индекс |
Ч214(2Р-6Б)я431 |
| 702 #1 - ИМЯ ЛИЦА - ВТОРИЧНАЯ ОТВЕТСТВЕННОСТЬ |
| Начальный элемент ввода |
Ширяев |
| Часть имени, кроме начального элемента ввода |
Л. А. |
| Код отношения |
Редактор |
| 712 01 - НАИМЕНОВАНИЕ ОРГАНИЗАЦИИ - ВТОРИЧНАЯ ОТВЕТСТВЕННОСТЬ |
| Код отношения |
Прочие |
| Начальный элемент ввода |
Республика Башкортостан |
| Структурное подразделение |
Комитет по науке, высшему и среднему профессиональному образованию |
| Идентификатор авторитетной/нормативной записи |
RU\NLR\AUTH\889965923 |
| Системный номер авторитетной/нормативной записи |
428138 |
| 801 #0 - ИСТОЧНИК ЗАПИСИ |
| Страна |
Российская Федерация |
| Организация |
NLR |
| Дата составления |
19990809 |
| Правила каталогизации |
PSBO |
| 801 #1 - ИСТОЧНИК ЗАПИСИ |
| Страна |
Российская Федерация |
| Организация |
NLR |
| Дата составления |
19990809 |
| 852 ## - МЕСТОНАХОЖДЕНИЕ И ШИФР ХРАНЕНИЯ |
| Идентификатор организации |
NLR |
| Шифр хранения (Call Number) |
99-3/8704 |
| 942 ## - ДОПОЛНИТЕЛЬНЫЕ ЭЛЕМЕНТЫ ЗАПИСИ (АБИС) |
| Тип экземпляра АБИС |
Книга |
| 980 ## - КОЛЛЕКЦИЯ |
| Название коллекции |
Национальная библиография |